| 000 | 00597nam a2200205Ia 4500 | ||
|---|---|---|---|
| 003 | IN-BaIIA | ||
| 008 | 211028s9999 xx 000 0 eng d | ||
| 040 | _cIIA Library | ||
| 080 |
_a550.341 _bDUT |
||
| 100 |
_aDutton, Clarence Edward _9507 |
||
| 245 | 0 |
_aEarthquakes in the light of the new seismology _cClarence Edward Dutton |
|
| 260 |
_aLondon _bJohn Murray _c1904 |
||
| 300 | _aix, 314p. | ||
| 490 | _aThe progressive science series | ||
| 650 | _aAstronomy and Astrophysics Thesaurus | ||
| 650 |
_aEarthquakes _9508 |
||
| 650 |
_aGeophysics _954 |
||
| 650 |
_aSeismology _9509 |
||
| 942 | _cBK | ||
| 999 |
_c267 _d267 |
||